00362nam a22001337a 450000500170000000800410001704100130005808200120007110000130008324500310009626000460012730000290017365000260020220240719085956.0240719b |||||||| |||| 00| 0 eng d aEnglish  a349 SOU lEnglish  aSouth African Law Reports  aCape Town: bJuta and Company Ltd, c1982 bxx, 980 pages; c26 cm.  aLegal practice bLaw